000 00284nam a22001337a 4500
008 170316b xxu||||| |||| 00| 0 eng d
020 _a9780323033909
041 _aeng
080 _25 ED
_a611
100 _a7
101 _aSHM
245 _aPHYSIOLOGY
_cBERNE.R.M
942 _2udc
_cBK
999 _c7965
_d7965